| 000 | 00429cam a2200169ua 4500 | ||
|---|---|---|---|
| 020 | _c1.00 | ||
| 041 |
_aeng _h |
||
| 082 |
_a954.03 _bMAJ/TH |
||
| 100 | _aMajumdar, R C. | ||
| 245 |
_aThree phases of India`s struggle for freedom / _cR C Majumdar. _hTextual Documents |
||
| 260 |
_aMumbai : _bBharatiya Vidya Bhavan , _c1961. |
||
| 300 | _a61 ; . | ||
| 365 | _a1.00 | ||
| 504 | _a | ||
| 942 | _cBK | ||
| 999 |
_c5100 _d5100 |
||